IFM Opac

COLLECTIVE BARGAINING IN AFRICAN COUTRIES (Record no. 14197)

MARC details
000 -LEADER
fixed length control field 00411nam a22001457a 4500
082 ## - DEWEY DECIMAL CLASSIFICATION NUMBER
Classification number 331.116 ROB
100 ## - MAIN ENTRY--PERSONAL NAME
Personal name B.C. ROBERTS
245 ## - TITLE STATEMENT
Title COLLECTIVE BARGAINING IN AFRICAN COUTRIES
260 ## - PUBLICATION, DISTRIBUTION, ETC.
Place of publication, distribution, etc. LONDON
Name of publisher, distributor, etc. ST.MARTIN'S PRESS
Date of publication, distribution, etc. 1967
300 ## - PHYSICAL DESCRIPTION
Extent xviii,158p
Other physical details 15cm
500 ## - GENERAL NOTE
General note Index
650 ## - SUBJECT ADDED ENTRY--TOPICAL TERM
Topical term or geographic name entry element A PUBLICATION OF THE INTERNATIONAL INSTITUTE FOR LABOUR STUDIES
700 ## - ADDED ENTRY--PERSONAL NAME
Personal name L.GREYFIEDE BELLECOMBE
942 ## - ADDED ENTRY ELEMENTS (KOHA)
Koha item type Books
Holdings
Withdrawn status Lost status Damaged status Not for loan Home library Current library Shelving location Date acquired Total Checkouts Full call number Barcode Date last seen Price effective from Koha item type
Withdrawn       IFM Main Campus Library IFM Main Campus Library Archival Collection 11/23/2015   331.116 ROB 0000009261 11/23/2015 02/19/2022 Books